01192 a2200193 45000010006000000050017000060080041000230030015000640400040000790800083001192450077002022640047002793000024003265050570003500410008009201000025009287000025009537000020009786394020260521160827.0260521a1959 arg spa dAR-UNSa-BCEJYS aAR-UNSa-BCEJYSbspacAR-UNSa-BCEJYS a658.15xAdministración financiera privada. Gestión financiera de empresas 10aEconomía de empresa y negociospManual de teoría y casos prácticos 1aBuenos Aires :bSelección Contablec1959 axvi, 614 p.c23 cm. a1. Incertidumbre y beneficios - 2. Pronóstico económico y comercial - 3. La demanda de la producción comercial - 4. Costo y producción a corto plazo - 5. Costo de producción a largo plazo - 6. Política de precios cuando los vendedores son pocos - 7. Teoría del juego y decisiones a tomar en los negocios - 8. Diversificación de productos - 9. Discriminación de precios - 10. Empleo de hombres y máquinas - 11. Financiación de inversiones - 12. Ubicación de plantas - 13. Los impuestos y la empresa - 14. El gobierno y los grandes negocios -  aspa1 aColberg, Marshall R.1 aBradford, William C.1 aAlt, Richard M.